Be the person you were meant to be (Record no. 33488)

MARC details
000 -LEADER
fixed length control field 00271nam a2200109Ia 4500
082 ## - DEWEY DECIMAL CLASSIFICATION NUMBER
Classification number 159.9
Item number GRE
100 ## - MAIN ENTRY--AUTHOR NAME
Personal name Greenwald, J
245 #0 - TITLE STATEMENT
Title Be the person you were meant to be
260 ## - PUBLICATION, DISTRIBUTION, ETC. (IMPRINT)
Place of publication New York
Name of publisher Dell
Year of publication 1973
942 ## - ADDED ENTRY ELEMENTS (KOHA)
Koha item type Books
Holdings
Withdrawn status Lost status Damaged status Not for loan Home library Current library Date acquired Cost, normal purchase price Full call number Accession Number Koha item type
        RRII Library RRII Library 16/12/2021 1.95 159.9 GRE 13985 Books